000 00554nam a2200193Ia 4500
005 20250507130255.0
008 008 250505s9999 xx 000 0 eng d
037 _aSeries Article
040 _aEASL
_beng
_cEASL
041 _aeng
_2eng
084 _qEASL
100 _aSalmenkari Taru
_9670540
245 0 _aTheoretical poverty in the research on chinese civil society
260 _aUK
_bCambridge Cambridge University Press UK
_c2013
300 _a652-682
650 _aAsian Studies
942 _cSRA
999 _c1318711
_d1318711